000 00728nam a2200217Ia 4500
003 GCL
008 140319s9999 xx 000 0 ara d
040 _aGCL /
_cGCL
082 0 4 _a418.1
_bم ك
100 1 _aمحمد خلف الله احمد
245 1 0 _aكتاب فى اصول اللغة /
_cمحمد خلف الله احمد
700 1 _aمحمد شوقى امين
300 _a252 ص
490 _aالهيئة العامة للاستعلامات
_v0
650 0 4 _aالالفاظ
650 0 4 _aاللغة العربية
650 0 4 _aالمترادفات والاضداد
650 0 4 _aاللغة العربية - الالفاظ
650 0 4 _aاللغة العربية - المترادفات
942 _2ddc
_cBK
999 _c50993
_d50993